000 00212nam a22000857a 4500
008 170405b xxu||||| |||| 00| 0 eng d
100 _93071
_aCCE
245 _aSample PaperBiology-XII
260 _aNew Delhi
_bG.B.P.
_c2010
999 _c6354
_d6354